MARC details
| 000 -CABECERA |
| campo de control de longitud fija |
01107nam a2200313 a 4500 |
| 001 - NÚMERO DE CONTROL |
| campo de control |
vtls000117903 |
| 003 - IDENTIFICADOR DEL NÚMERO DE CONTROL |
| campo de control |
ES-BaIT |
| 005 - FECHA Y HORA DE LA ÚLTIMA TRANSACCIÓN |
| campo de control |
20211008100347.0 |
| 007 - CAMPO FIJO DE DESCRIPCIÓN FÍSICA--INFORMACIÓN GENERAL |
| campo de control de longitud fija |
t| |
| 008 - DATOS DE LONGITUD FIJA--INFORMACIÓN GENERAL |
| campo de control de longitud fija |
080808s2006 fr a || 000 |fre|c |
| 010 ## - NÚMERO DE CONTROL DE LA BIBLIOTECA DEL CONGRESO |
| Número de control de LC |
117903 |
| 020 ## - NÚMERO INTERNACIONAL ESTÁNDAR DEL LIBRO |
| Número Internacional Estándar del Libro |
2914124309 |
| 035 ## - NÚMERO DE CONTROL DEL SISTEMA |
| Número de control de sistema |
0117-90360 |
| -- |
ES-BaIT035 |
| 039 #9 - NIVEL DE CONTROL BIBLIOGRÁFICO Y DETALLES DE CODIFICACIÓN [OBSOLETO] |
| Nivel de reglas en descripción bibliográfica |
201507150847 |
| Nivel de esfuerzo utilizado para asignar no-encabezamientos de materia en puntos de acceso |
alvarezrb |
| Nivel de esfuerzo utilizado en la asignación de encabezamientos de materia |
201403080620 |
| Nivel de esfuerzo utilizado para asignar clasificación |
VLOAD |
| Nivel de esfuerzo utilizado en la asignación de encabezamientos de materia |
201303092353 |
| Nivel de esfuerzo utilizado para asignar clasificación |
VLOAD |
| -- |
201110060124 |
| -- |
VLOAD |
| 080 ## - NÚMERO DE LA CLASIFICACIÓN DECIMAL UNIVERSAL |
| Número de la Clasificación Decimal Universal |
793(4) |
| 080 ## - NÚMERO DE LA CLASIFICACIÓN DECIMAL UNIVERSAL |
| Número de la Clasificación Decimal Universal |
793(44)"1931/1952" ARC |
| 040 ## - FUENTE DE LA CATALOGACIÓN |
| Centro catalogador/agencia de origen |
ES-BaIT |
| Lengua de catalogación |
cat |
| 245 04 - MENCIÓN DE TÍTULO |
| Título |
Les Archives internationales de la danse : |
| Resto del título |
1931-1952 |
| 260 ## - PUBLICACIÓN, DISTRIBUCIÓN, ETC. |
| Lugar de publicación, distribución, etc. |
Pantin : |
| Nombre del editor, distribuidor, etc. |
Centre national de la danse, |
| Fecha de publicación, distribución, etc. |
2006 |
| 300 ## - DESCRIPCIÓN FÍSICA |
| Extensión |
247 p. : |
| Otras características físicas |
il. |
| 600 14 - PUNTO DE ACCESO ADICIONAL DE MATERIA--NOMBRE DE PERSONA |
| Nombre de persona |
Maré, Rolf de |
| 9 (RLIN) |
99979 |
| 610 24 - PUNTO DE ACCESO ADICIONAL DE MATERIA--NOMBRE DE ENTIDAD CORPORATIVA |
| Nombre de entidad corporativa o nombre de jurisdicción como elemento de entrada |
Archives internationales de la danse |
| Subdivisión general |
Història |
| 9 (RLIN) |
99980 |
| 610 24 - PUNTO DE ACCESO ADICIONAL DE MATERIA--NOMBRE DE ENTIDAD CORPORATIVA |
| Nombre de entidad corporativa o nombre de jurisdicción como elemento de entrada |
Bibliotheque - Musée de l'Opéra |
| Subdivisión general |
Història |
| 9 (RLIN) |
99981 |
| 650 04 - PUNTO DE ACCESO ADICIONAL DE MATERIA--TÉRMINO DE MATERIA |
| Término de materia o nombre geográfico como elemento de entrada |
Dansa |
| Subdivisión general |
Fons documentals |
| Subdivisión geográfica |
França |
| 9 (RLIN) |
99982 |
| 940 ## - EQUIVALENCIA O REFERENCIA-CRUZADA--TÍTULO UNIFORME [OBSOLETO] [solamente CAN/MARC] |
| Título uniforme |
<a href="CVA5">CVA5</a> |
| Fecha de la firma de un tratado |
IT |
| 949 ## - PROCESAMIENTO DE INFORMACIÓN LOCAL (OCLC) |
| -- |
VIRTUAITEM |
| -- |
10040 |
| -- |
10040 |
| -- |
1 |
| 6 |
1900053631 |
| a |
793(4) ARC |
| 998 ## - INFORMACIÓN DE CONTROL LOCAL (RLIN) |
| -- |
VIRTUA |
| 998 ## - INFORMACIÓN DE CONTROL LOCAL (RLIN) |
| -- |
VTLSSORT0070*0080*0200*0350*0800*0801*2450*2600*3000*6000*6100*6101*6500*9400*9992 |